| 000 | 00641nam a2200193 i 4500 | ||
|---|---|---|---|
| 001 | 120817 | ||
| 003 | ES-MaACL | ||
| 005 | 20250808232831.0 | ||
| 007 | t| | ||
| 008 | 070214s1932 sp r ||||1| spa d | ||
| 100 | 1 |
_aPolo Clavel, Enrique. _992872 |
|
| 245 | 1 | 0 |
_aHerencias _b: sucesiones con testamento y sin él / _cEnrique Polo Clavel ; prólogo de Antonio Vidal y Moys. |
| 260 |
_aMadrid : _b[s.n.], _c1932 ( _fImp. Hijos de T. Minuesa) |
||
| 300 |
_aVIII, 258 p. ; _c23 cm. |
||
| 650 | 7 |
_aHerencias y sucesiones _2embne _9135883 |
|
| 700 | 0 |
_aVidal y Moya, Antonio. _9114524 |
|
| 852 |
_aES-MaACL _jA-1903 |
||
| 999 |
_c120817 _d120817 |
||